| 000 | 00429nam a2200181Ia 4500 | ||
|---|---|---|---|
| 008 | 210210b1951 xxu||||| |||| 00| 0 eng d | ||
| 041 | _aeng | ||
| 082 | _a829/1030 | ||
| 100 | _aStevenson (R L) | ||
| 245 | _aTreasure Island: Graham Ed | ||
| 260 |
_aLondon _bOxford University Press _c1951 |
||
| 650 | _aTreasure | ||
| 650 | _aIsland: | ||
| 650 | _aGraham | ||
| 650 | _aEd | ||
| 690 | _aEnglish Fiction | ||
| 906 | _a017645 | ||
| 999 |
_c137629 _d137629 |
||